Loading...

Library networking

Bibliographic Details
Main Author: Ram, M.
Format: Printed Book
Published: New Delhi: Random Publications, 2014.
Subjects:
LEADER 00507cam a2200145ua 4500
020 |a 978-93-5111-246-4 
082 |a 021.650 973  |b RAM/L 
100 |a Ram, M. 
245 |a Library networking 
260 |a New Delhi:  |b Random Publications,  |c 2014. 
300 |a 280p. 
650 |a Library networking 
942 |c BK 
999 |c 51698  |d 51698 
952 |0 0  |1 0  |4 0  |6 021_650000000000000_973_RAML  |7 0  |8 Stack  |9 62529  |a KUCL  |b KUCL  |c Stack  |d 2018-09-13  |g 1550.00  |l 1  |o 021.650 973 RAM/L  |p 47277  |q 2020-01-13  |r 2019-12-13  |s 2019-12-13  |w 2018-09-13  |y BK